000 00462nam a2200169Ia 4500
003 OSt
005 20200114142654.0
008 190216s9999||||xx |||||||||||||| ||und||
040 _coclc
082 _a657.42
_bPAI/C
100 _aPai, R G
_91198
245 0 _aCost Accounting /
_c R G Pai
260 _bMayoora Publishers,
_c2000.
_aKochi:
300 _a125p
650 _aCost Accounting
942 _cBK
_2ddc
_h657.42
_iPAI/C
_k657.42
_mPAI/C
999 _c6477
_d6477